| 000 | 00687nam a22002417a 4500 | ||
|---|---|---|---|
| 005 | 20170124110000.0 | ||
| 010 | _aA-828353 | ||
| 020 |
_c100.00 _a81864680201 |
||
| 035 | _aA-828353 | ||
| 037 | _bCen Lib/Ret | ||
| 040 |
_aDPL _bEN |
||
| 082 |
_a361.3092 _bADH |
||
| 100 |
_aAdhikari, Santosh Kumar _915556 |
||
| 245 |
_aVidyasagar : _cby Santosh Kumar Adhikari _beducator, reformer & humanist / |
||
| 246 | _b | ||
| 260 |
_bSahitya _aCalcutta _c1995 |
||
| 270 | _bCalcutta | ||
| 300 |
_aviii,152p.; _c19cm(Hb) _bill. |
||
| 500 | _aIncludes index | ||
| 650 |
_aSocial problem _9241 |
||
| 650 |
_aSocial reformer _99391 |
||
| 942 |
_2ddc _cEN _h361.3092 _mADH |
||
| 999 |
_c125807 _d125807 |
||